| 000 | 00429nam a22001337a 4500 | ||
|---|---|---|---|
| 999 |
_c521683 _d521683 |
||
| 008 | 230222b ||||| |||| 00| 0 eng d | ||
| 100 |
_aJain, Aditi _937403 |
||
| 245 | _aThe Sacred and the material: Making of a Jain pilgrimage and redefining the identity of benares (c.1600-1700) | ||
| 260 | _aSocial Scientist | ||
| 300 | _a50(5-6), May-Jun, 2022: p.69-86 | ||
| 773 | _aSocial Scientist | ||
| 906 | _aRELIGION | ||
| 942 | _cAR | ||